Philippus de Diversis, Description of the Illustrious City of Dubrovnik : A Unique 15th-Century Urban Record /

This is the first English-language translation of the description of 15th-century Dubrovnik by the humanist Philippus de Diversis. The text provides a unique description of all aspects of urban life; it is unusual in that it includes themes which were not usually found in city praises, such as the p...

Full description

Saved in:

Main Authors: Blazina, Vesna (Author), Janeković-Römer, Zdenka (Author)

Format: eBook

Language: English

Published: Leiden ; Boston : Brill, 2026.

Series: Late Antiquity and Medieval Studies E-Books Online, Collection 2026.
The Medieval Mediterranean ; 148.

Subjects:

Online Access: Login to view Source

Tags: Add Tag

No Tags, Be the first to tag this record!

Call Number: NA105

LEADER 02549nam a22004938i 4500
001 BRILL9789004755642
003 nllekb
005 20260324115022.0
006 m d
007 cr un uuuua
008 251205s2026 gw sb 001 0 eng d
020 |a 9789004755642  |q (electronic book) 
020 |z 9789004755635  |q (print) 
024 7 |a 10.1163/9789004755642  |2 DOI 
040 |a NL-LeKB  |c NL-LeKB  |e rda 
041 |a eng 
050 4 |a NA105 
072 7 |a HB  |2 bicssc 
072 7 |a HIS  |x 000000  |2 bisacsh 
082 0 4 |a 900  |2 23 
100 1 |a Blazina, Vesna,  |e author. 
245 1 0 |a Philippus de Diversis, Description of the Illustrious City of Dubrovnik :  |b A Unique 15th-Century Urban Record /  |c Vesna Blažina and Zdenka Janeković-Römer. 
246 3 |a A Unique 15th-Century Urban Record 
264 1 |a Leiden ;  |a Boston :  |b Brill,  |c 2026. 
264 4 |c ©2026 
300 |a 1 online resource (240 pages) :  |b illustrations. 
336 |a text  |b txt  |2 rdacontent 
337 |a computer  |b c  |2 rdamedia 
338 |a online resource  |2 rdacarrier 
490 1 |a Late Antiquity and Medieval Studies E-Books Online, Collection 2026 
490 1 |a The Medieval Mediterranean ;  |v 148 
504 |a Includes bibliographical references and index. 
520 |a This is the first English-language translation of the description of 15th-century Dubrovnik by the humanist Philippus de Diversis. The text provides a unique description of all aspects of urban life; it is unusual in that it includes themes which were not usually found in city praises, such as the plague control measures and the functioning of public offices. Diversis' aim was to describe "the honour and the reputation of the city of Dubrovnik, which through his endeavour was to last forever". His work is documentary, literary, and personal, and as this edition testifies, it is still read and admired six centuries later.  
546 |a English 
588 |a Description based on print version record. 
650 0 0 |a Early Modern History. 
650 0 0 |a History. 
650 0 0 |a Medieval History. 
700 1 |a Janeković-Römer, Zdenka,  |e author. 
776 0 8 |i Print version:  |t Philippus de Diversis, Description of the Illustrious City of Dubrovnik : A Unique 15th-Century Urban Record.  |d Leiden ; Boston : BRILL,2026.  |z 9789004755635  |w (OCoLC)1546085946  
830 0 |a Late Antiquity and Medieval Studies E-Books Online, Collection 2026. 
830 0 |a The Medieval Mediterranean ;  |v 148. 
856 4 |z DOI:  |u http://dx.doi.org/10.1163/9789004755642 
999 |c 61936  |d 61936